000 00498nam a2200157 i 4500
001 59205
003 ES-MaACL
005 20230906164003.0
007 t|
008 031028s1957 sp ||||1| spa d
100 1 _aEmanuel, W. D.
_947135
245 1 3 _aLa paxette
_b: como sacar el mejor partido de los modelos paxette y super paxette /
_cW.D. Emanuel.
260 _aBarcelona :
_bOmega,
_c[1957] (
_fClarasó)
300 _a78 p., 4 lám. :
_bil. ;
_c17 cm.
852 _aES-MaACL
_jC-12129
_bR.40161
999 _c59205
_d59205